The Zen in modern cosmology (Record no. 14987)
[ view plain ]
| 000 -LEADER | |
|---|---|
| fixed length control field | 01214nam a2200325Ia 4500 |
| 100 1# - MAIN ENTRY--AUTHOR NAME | |
| Personal name | Lam, Harry C. S. |
| 245 14 - TITLE STATEMENT | |
| Title | The Zen in modern cosmology |
| 260 ## - PUBLICATION, DISTRIBUTION, ETC. (IMPRINT) | |
| Place of publication | Singapore ; |
| -- | Hackensack, N.J. : |
| Name of publisher | World Scientific, |
| Year of publication | c2008. |
| 300 ## - PHYSICAL DESCRIPTION | |
| Number of Pages | xii, 234 p. : |
| Other physical details | ill. (chiefly col.) |
| 500 ## - GENERAL NOTE | |
| General note | Includes index. |
| 650 #0 - SUBJECT ADDED ENTRY--TOPICAL TERM | |
| Topical Term | Cosmology |
| Topical Term | Zen Buddhism. |
| Topical Term | Zen Buddhism and science. |
| 856 40 - ELECTRONIC LOCATION AND ACCESS | |
| Uniform Resource Identifier | http://site.ebrary.com/lib/rucke/Doc?id=10255761 |
No items available.
